000
00204 a2200097 4500
001
7809
100
_a
Campbell, J C
245
_a
Defense of the middle east
260
_a
_b
F A P
_c
090
_c
6258
_d
6258
942
_a
NUST-CAE
_c
m
_c
32776
999
_c
242882
_d
242882